Riconosci il Pokémon - Quiz n°944 - Statistics

Statistiche generali
  • Questo quiz è stato fatto 4 volte
  • Il punteggio medio è 9 su 10
Statistiche sulle risposte
Indizio Risposta % Corretto
Altezza 1,1 m
100%
Sesso 25% ♂, 75% ♀
100%
Abilità Fuocardore; Siccità; Mantelneve (Alola); Scendineve (Alola)
100%
Tipo Fuoco; Ghiaccio / Folletto (Alola)
100%
Generazione Prima
100%
Stadio evoluzione Prima evoluzione
100%
Peso 19,9 kg
75%
Tasso di cattura 75 (17.5%)
75%
Tasso di allevamento Medio-Veloce
75%
Pokémon Ninetales
50%
Nessun quiz corrispondente trovato
Distribuzione punteggi
Percentuale di utenti per punteggio
Percentile per numero di risposta
I tuoi punteggi nel tempo
Non hai fatto questo quiz